000
00350nam a2200157Ia 4500
005
20250603145929.0
008
250603s9999 xx 000 0 und d
020
_a
0-385-47294-3
050
_a
PS3557.R5355 R8
100
_a
john grisham
245
4
_a
the runaway jury
260
_b
doubleday
260
_c
1996
300
_a
401 p
942
_c
BK
999
_c
43278
_d
43278